Sports Quiz

Random Sports Quiz

Top 35 Most Talented NASCAR Drivers of 2015 Quiz Stats

 Plays Quiz not verified by Sporcle

Score 0/71 Timer 12:00
0 Plays Today
Rank Driver % Correct
1Jeff Gordon
97.1%
21Kyle Busch
97.1%
2Kevin Harvick
97.1%
15Joey Logano
94.1%
13Matt Kenseth
94.1%
7Jimmie Johnson
92.6%
3Carl Edwards
92.6%
28Tony Stewart
91.2%
4Dale Earnhardt Jr
91.2%
12Denny Hamlin
89.7%
14Brad Keselowski
88.2%
8Kurt Busch
86.8%
20Danica Patrick
85.3%
16Kasey Kahne
83.8%
30Ricky Stenhouse Jr
79.4%
22Austin Dillon
77.9%
10Ryan Newman
77.9%
24David Ragan
76.5%
43Chase Elliott
75%
23Greg Biffle
75%
18Clint Bowyer
75%
6Jamie McMurray
73.5%
26Trevor Bayne
72.1%
27Ryan Blaney
70.6%
11Paul Menard
70.6%
9Kyle Larson
70.6%
5Martin Truex Jr
70.6%
60Ty Dillon
67.6%
19Aric Almirola
67.6%
17Casey Mears
67.6%
44Regan Smith
66.2%
38Michael Waltrip
66.2%
25AJ Allmendinger
66.2%
29Sam Hornish Jr
61.8%
50Alex Bowman
60.3%
40Bobby Labonte
60.3%
Rank Driver % Correct
34David Gilliland
60.3%
31Brian Vickers
60.3%
32Cole Whitt
57.4%
48Josh Wise
55.9%
36Brian Scott
55.9%
45Jeb Burton
54.4%
65Chris Buescher
51.5%
54JJ Yeley
48.5%
47Michael McDowell
48.5%
42Erik Jones
48.5%
51Reed Sorenson
47.1%
49Justin Allgaier
47.1%
33Brett Moffitt
47.1%
41Michael Annett
45.6%
37Matt Crafton
44.1%
56Boris Said
42.6%
35Landon Cassill
42.6%
63Timmy Hill
41.2%
39Matt Dibenedetto
39.7%
52Brendan Gaughan
38.2%
64Mike Bliss
36.8%
55Travis Kvapil
36.8%
62Johnny Sauter
35.3%
61Joe Nemechek
32.4%
68Joey Gase
32.4%
46Ron Hornaday Jr
29.4%
57Alex Kennedy
27.9%
53Mike Wallace
27.9%
67Jeff Green
26.5%
66Justin Marks
25%
71Tanner Berryhill
23.5%
70TJ Bell
17.6%
58Eddie MacDonald
16.2%
69Derek White
14.7%
59Will Kimmel III
7.4%

You're not logged in!

Compare scores with friends on all Sporcle quizzes.
OR
Log In

Show Comments

Extras

Created Aug 16, 2015ReportNominate
Tags:2015, driver, NASCAR, order, reason, Top 35

Top Quizzes Today


Score Distribution

Your Account Isn't Verified!

In order to create a playlist on Sporcle, you need to verify the email address you used during registration. Go to your Sporcle Settings to finish the process.

Report this User

Report this user for behavior that violates our Community Guidelines.

Details: